| 000 | 00707nam a2200241Ia 4500 | ||
|---|---|---|---|
| 003 | OSt | ||
| 005 | 20220923212942.0 | ||
| 006 | a|||||r|||| 00| 0 | ||
| 007 | ta | ||
| 008 | 220922b |||||||| |||| 00| 0 hin d | ||
| 024 | _a157,301 | ||
| 037 | _cTextual | ||
| 040 |
_aARTS _cARTS _bhin |
||
| 041 |
_2hin _ahin |
||
| 082 | _aO152:g(P), M8 | ||
| 100 | _aपद्मनारायण | ||
| 245 | 0 | _aआलोचना की भाषा | |
| 246 | _aĀlochanā kī bhāṣhā | ||
| 260 |
_aपटना _b अनुपम प्रकाशन _c1988 |
||
| 300 |
_a106 पृ. _ccm. |
||
| 942 |
_hO152:g(P), M8 _cTEXL _2CC |
||
| 999 |
_c312518 _d312518 |
||